000 01083nam0a2200313 4500
001 RU\NLR\bibl\92945
005 20260406062136.0
010 _a5-7062-0147-1
_910000
021 _aRU
_b2000-6628
_9330
035 _a(NLR Aleph) 000090823
090 _a509495
_c509495
100 _a20000619d2000 |||y0rusy50 ca
101 0 _arus
_ager
102 _aRU
105 _ay z |||||
200 1 _aРусско-немецкий разговорник
_f[Сост. Филиппова М.С.]
210 _aСПб.
_cВиктория плюс
_d2000
215 _a192 с.
_d10х10
225 1 _aГалопом по Европам
606 0 _aРусский язык
_xРазговорники
_xНемецкий язык
_91557883
_3RU\NLR\auth\66981605
686 _aШ141.12-498.1
686 _aШ143.24-498.2
702 1 _4220
_8rus
_7ca
_aФилиппова
_bМ. С.
_cфилолог, нем. язык
_3RU\NLR\AUTH\7712341
_9122063
801 0 _aRU
_bNLR
_c20000619
_gPSBO
801 1 _aRU
_bNLR
_c20000619
852 _aNLR
_j2000-1/133
942 _cBOOK
980 _aNB